| 000 | 00713nam a2200241 u 4500 | ||
|---|---|---|---|
| 005 | 20221115063805.0 | ||
| 008 | 081022s2007 r 000 0 eng d | ||
| 020 | _a9707709189 (10 dígitos) | ||
| 020 | _a9789707709188 (13 dígitos) | ||
| 035 | _aUPN01000164008 | ||
| 049 | _aCG | ||
| 050 | 4 |
_aBF575 L8 _bO7.3 |
|
| 100 | 1 |
_aOrtiz Quezada, Federico, _d1935- _933014 |
|
| 245 | 1 | 0 |
_aAmor y desamor / _cFederico Ortiz Quezada. |
| 260 |
_aMéxico : _bTaurus, _c2007. |
||
| 300 | _a537 p. | ||
| 440 | 0 | _aPensamiento | |
| 650 | 2 |
_aAmor _xAspectos psicológicos _94322 |
|
| 650 | 4 |
_aAMOR - _xASPECTOS FISIOLOGICOS _94371 |
|
| 650 | 0 |
_aAmor en la literatura _94325 |
|
| 650 | 2 |
_aErotismo _910081 |
|
| 905 | _aLibro | ||
| 999 |
_c136121 _d136121 |
||